00603nam a2200157Ia 4500008004100000041001200041082001100053100001500064245005000079260000600129650000600135942000700141999001700148952014000165952014000305221030s9999 xx 000 0 und d aEnglish a105.23 aP. S. Gill 2aA Text book of Machine Drawingcby P. S. Gill c0 aB cBK c12940d12940 pB 764l0o105.23 r2022-10-30 00:00:00w2022-10-30yBK003Print4070aMIETLIBbMIETLIBcBL-, FL-, CUP-0, SH-0, R-0d2012-06-1610HBE pB 766l0o105.23 r2022-10-30 00:00:00w2022-10-30yBK003Print4070aMIETLIBbMIETLIBcBL-, FL-, CUP-0, SH-0, R-0d2012-06-1610HBE